Riconosci il Pokémon - Quiz n°961 - Statistics

Statistiche generali
  • Questo quiz è stato fatto 42 volte
  • Il punteggio medio è 10 su 10
Statistiche sulle risposte
Indizio Risposta % Corretto
Tasso di cattura 45 (11.9%)
100%
Sesso 87.5% ♂, 12.5% ♀
100%
Stadio evoluzione Forma Base
100%
Tipo Fuoco
100%
Generazione Prima
100%
Altezza 0,6 m
96%
Peso 8,5 kg
96%
Abilità Aiutofuoco; Solarpotere
96%
Tasso di allevamento Medio-Lento
96%
Pokémon Charmander
92%
Nessun quiz corrispondente trovato
Distribuzione punteggi
Percentuale di utenti per punteggio
Percentile per numero di risposta
I tuoi punteggi nel tempo
Non hai fatto questo quiz